[Event "Baden-ch U16"]
[Site "Schoeneck"]
[Date "2009.01.04"]
[Round "6"]
[White "Hermann, Rico"]
[Black "Maier, Florian"]
[Result "1/2-1/2"]
[WhiteElo "1805"]
[BlackElo "1800"]
[PlyCount "88"]
[EventDate "2009.01.02"]
[EventType "swiss"]
[EventRounds "7"]
[EventCountry "GER"]
[SourceTitle "EXT 2010"]
[Source "ChessBase"]
[SourceDate "2010.11.25"]
[SourceVersion "1"]
[SourceVersionDate "2010.11.25"]
[SourceQuality "1"]

1. e4 c6 2. d4 d5 3. e5 Bf5 4. h4 Bd7 5. c4 e6 6. Nc3 Ne7 7. Bg5 h6 8. Bxe7 Qxe7 9. c5 f5 10. Nce2 Kd8 11. Nf4 Be8 12. h5 Qd7 13. Nf3 Be7 14. Nh4 Bxh4 15. Rxh4 Qe7 16. Rh3 Nd7 17. Qa4 Nf8 18. Rb3 g5 19. hxg6 Bxg6 20. 0-0-0 Bf7 21. Qb4 Kc8 22. Qa4 Kd8 23. Rg3 Rg8 24. Rdd3 Ng6 25. Nh5 f4 26. Rh3 Rh8 27. Nf6 Nxe5 28. dxe5 Qxc5+ 29. Rc3 Qxf2 30. Rhf3 Qe1+ 31. Kc2 Qxe5 32. Qxf4 Bg6+ 33. Bd3 Bxd3+ 34. Rcxd3 Qxf4 35. Rxf4 Rc8 36. Rg3 Kc7 37. Rg7+ Kb6 38. Rb4+ Kc5 39. Rbxb7 e5 40. Rxa7 Ra8 41. Rxa8 Rxa8 42. a3 Kd4 43. Re7 Rf8 44. Ng4 e4 1/2-1/2

[Event "Baden-ch U16"]
[Site "Schoeneck"]
[Date "2009.01.04"]
[Round "5"]
[White "Maier, Florian"]
[Black "Schmitt, Philipp"]
[Result "1/2-1/2"]
[WhiteElo "1800"]
[BlackElo "1984"]
[PlyCount "43"]
[EventDate "2009.01.02"]
[EventType "swiss"]
[EventRounds "7"]
[EventCountry "GER"]
[SourceTitle "EXT 2010"]
[Source "ChessBase"]
[SourceDate "2010.11.25"]
[SourceVersion "1"]
[SourceVersionDate "2010.11.25"]
[SourceQuality "1"]

1. d4 e6 2. Nf3 d5 3. e3 Nf6 4. Bd3 c5 5. c3 Nc6 6. Nbd2 Be7 7. 0-0 0-0 8. dxc5 Bxc5 9. e4 h6 10. h3 Qc7 11. Re1 Rd8 12. e5 Nd7 13. Nb3 Bf8 14. Bf4 a6 15. Qc1 b6 16. Bb1 Bb7 17. Qc2 g6 18. Nbd4 Nxd4 19. Nxd4 Bg7 20. Qe2 Nc5 21. Qg4 h5 22. Qh4 1/2-1/2

[Event "Baden-ch U16"]
[Site "Schoeneck"]
[Date "2009.01.03"]
[Round "3"]
[White "Maier, Florian"]
[Black "Thome, Sebastian"]
[Result "1-0"]
[WhiteElo "1800"]
[BlackElo "1160"]
[PlyCount "107"]
[EventDate "2009.01.02"]
[EventType "swiss"]
[EventRounds "7"]
[EventCountry "GER"]
[SourceTitle "EXT 2010"]
[Source "ChessBase"]
[SourceDate "2010.11.25"]
[SourceVersion "1"]
[SourceVersionDate "2010.11.25"]
[SourceQuality "1"]

1. d4 d5 2. Nf3 Nf6 3. e3 Bg4 4. c4 e6 5. Qb3 b6 6. Nc3 Bd6 7. cxd5 exd5 8. Ne5 c6 9. Bd2 Bxe5 10. dxe5 Ne4 11. Nxe4 dxe4 12. Bc4 Qe7 13. Bb4 c5 14. Bd5 Be6 15. Qd1 cxb4 16. Bxa8 Qg5 17. Qd6 Nd7 18. Bc6 Qg4 19. Qb8+ Ke7 20. Qd6+ Kd8 21. Rd1 Re8 22. Qxb4 Qxg2 23. Qxe4 Qxe4 24. Bxe4 Bxa2 25. Bc6 Be6 26. f4 Kc7 27. Rd6 f6 28. Bxd7 Bxd7 29. Rd4 fxe5 30. fxe5 Rxe5 31. Kd2 Rf5 32. Rf4 Rd5+ 33. Kc3 a5 34. Rg1 g5 35. Rf7 h6 36. Rgf1 g4 37. R1f2 Rc5+ 38. Kd4 h5 39. Rh7 Kd6 40. Rf6+ Be6 41. e4 Rc4+ 42. Kd3 Rc5 43. Rhh6 Re5 44. Kd4 a4 45. Rf5 Rc5 46. Rd5+ Ke7 47. Rxc5 bxc5+ 48. Kxc5 Bf7 49. Ra6 Bb3 50. Kd4 Bd1 51. Ke5 Bc2 52. Kf4 Bd1 53. Rh6 Kf7 54. Rd6 1-0

[Event "Baden-ch U16"]
[Site "Schoeneck"]
[Date "2009.01.03"]
[Round "4"]
[White "Weber, Raphael"]
[Black "Maier, Florian"]
[Result "1/2-1/2"]
[WhiteElo "1871"]
[BlackElo "1800"]
[PlyCount "34"]
[EventDate "2009.01.02"]
[EventType "swiss"]
[EventRounds "7"]
[EventCountry "GER"]
[SourceTitle "EXT 2010"]
[Source "ChessBase"]
[SourceDate "2010.11.25"]
[SourceVersion "1"]
[SourceVersionDate "2010.11.25"]
[SourceQuality "1"]

1. e4 c6 2. d4 d5 3. exd5 cxd5 4. c4 Nf6 5. Nc3 Nc6 6. Nf3 dxc4 7. Bxc4 e6 8. 0-0 Be7 9. Re1 0-0 10. a3 a6 11. Bf4 b5 12. Ba2 b4 13. axb4 Nxb4 14. Bc4 Bb7 15. Ne5 Nfd5 16. Nxd5 Bxd5 17. Bxd5 Qxd5 1/2-1/2

[Event "Baden-ch U14"]
[Site "Karlsruhe"]
[Date "2008.01.06"]
[Round "7"]
[White "Dehm, Tobias"]
[Black "Maier, Florian"]
[Result "0-1"]
[WhiteElo "1472"]
[BlackElo "1610"]
[PlyCount "80"]
[EventDate "2008.01.02"]
[EventType "swiss"]
[EventRounds "7"]
[EventCountry "GER"]
[SourceTitle "EXT 2009"]
[Source "ChessBase"]
[SourceDate "2008.11.26"]
[SourceVersion "1"]
[SourceVersionDate "2008.11.26"]
[SourceQuality "1"]

1. e4 c6 2. d4 d5 3. Nc3 dxe4 4. Nxe4 Nf6 5. Nc3 Bf5 6. Nf3 e6 7. Bd3 Bxd3 8. Qxd3 Bd6 9. Bg5 Qc7 10. 0-0-0 Nbd7 11. g3 h6 12. Bxf6 Nxf6 13. h3 0-0-0 14. Ne4 Nxe4 15. Qxe4 Qa5 16. Kb1 Qd5 17. Qxd5 exd5 18. Rhe1 Rhe8 19. Ne5 Re7 20. Re3 f6 21. Ng4 Rde8 22. Rde1 Kd7 23. c3 h5 24. Rxe7+ Rxe7 25. Rxe7+ Kxe7 26. Ne3 Ke6 27. Kc2 f5 28. g4 hxg4 29. hxg4 fxg4 30. Nxg4 Kf5 31. Ne3+ Ke4 32. Kd2 Bf4 33. Ke2 Bxe3 34. fxe3 g5 35. Kf2 g4 36. Kg3 Kxe3 37. Kxg4 Kd3 38. Kf5 Kc2 39. Ke6 Kxb2 40. Kd6 Kxc3 0-1

[Event "Baden-ch U14"]
[Site "Karlsruhe"]
[Date "2007.01.05"]
[Round "7"]
[White "Maier, Florian"]
[Black "Haag, Gregor"]
[Result "1/2-1/2"]
[WhiteElo "1477"]
[BlackElo "1113"]
[PlyCount "61"]
[EventDate "2007.01.02"]
[EventType "swiss"]
[EventRounds "7"]
[EventCountry "GER"]
[SourceTitle "EXT 2008"]
[Source "ChessBase"]
[SourceDate "2007.11.25"]
[SourceVersion "1"]
[SourceVersionDate "2007.11.25"]
[SourceQuality "1"]

1. d4 d5 2. Nf3 Nf6 3. e3 Bg4 4. c4 e6 5. Qb3 b6 6. Ne5 Bf5 7. Be2 Bd6 8. 0-0 0-0 9. f4 Nbd7 10. Nc3 dxc4 11. Bxc4 c5 12. Rd1 cxd4 13. exd4 Ne4 14. Nxe4 Bxe4 15. Bxe6 Nxe5 16. fxe5 Bc7 17. Bc4 Rc8 18. Bf4 Qe7 19. Re1 Ba8 20. Rad1 Rfd8 21. Kh1 Bb8 22. Re2 Re8 23. Red2 Rcd8 24. Bb5 Bd5 25. Bc4 Qe6 26. Bxd5 Qxd5 27. Qxd5 Rxd5 28. Kg1 f6 29. Kf1 fxe5 30. dxe5 Rxd2 31. Rxd2 1/2-1/2

[Event "Baden-ch U14"]
[Site "Karlsruhe"]
[Date "2007.01.04"]
[Round "5"]
[White "Maier, Florian"]
[Black "Prautzsch, Simon"]
[Result "1-0"]
[WhiteElo "1477"]
[BlackElo "991"]
[PlyCount "121"]
[EventDate "2007.01.02"]
[EventType "swiss"]
[EventRounds "7"]
[EventCountry "GER"]
[SourceTitle "EXT 2008"]
[Source "ChessBase"]
[SourceDate "2007.11.25"]
[SourceVersion "1"]
[SourceVersionDate "2007.11.25"]
[SourceQuality "1"]

1. d4 d5 2. Nf3 Nf6 3. e3 Nc6 4. Be2 Bf5 5. c3 e6 6. Nbd2 Bd6 7. 0-0 0-0 8. a3 e5 9. dxe5 Nxe5 10. Nxe5 Bxe5 11. Nf3 Bd6 12. c4 c6 13. Qb3 Qc7 14. Rd1 Bg4 15. h3 Bh5 16. Bd2 Ne4 17. cxd5 Kh8 18. dxc6 Qxc6 19. Nd4 Qc5 20. Bb4 Qe5 21. f4 Bxe2 22. fxe5 Bxd1 23. Rxd1 Bxb4 24. Qxb4 Rfe8 25. Qxb7 Nc5 26. Qxf7 Rf8 27. Qd5 Na4 28. Rf1 Rxf1+ 29. Kxf1 Rf8+ 30. Kg1 Nb6 31. Qb7 Nc4 32. Ne6 Rg8 33. a4 Nxe5 34. Qxa7 Nc4 35. b4 h6 36. b5 Kh7 37. b6 Nxb6 38. Qxb6 Rc8 39. Qb7 Rc1+ 40. Kh2 Kg6 41. Qxg7+ Kf5 42. Nd4+ Ke4 43. Qxh6 Kd3 44. a5 Ra1 45. a6 Ra2 46. Nc2 Rxc2 47. Qg6+ Kc3 48. Qc6+ Kb3 49. Qb7+ Kc3 50. a7 Ra2 51. a8Q Rxa8 52. Qxa8 Kd3 53. Qe8 Kc4 54. e4 Kd4 55. e5 Ke4 56. e6 Kd4 57. e7 Kc4 58. Qd8 Kc5 59. e8R Kc4 60. Re7 Kc3 61. Rc7+ 1-0

[Event "Baden-ch U14"]
[Site "Karlsruhe"]
[Date "2007.01.03"]
[Round "4"]
[White "Giesler, Julius"]
[Black "Maier, Florian"]
[Result "1-0"]
[WhiteElo "1726"]
[BlackElo "1477"]
[PlyCount "55"]
[EventDate "2007.01.02"]
[EventType "swiss"]
[EventRounds "7"]
[EventCountry "GER"]
[SourceTitle "EXT 2008"]
[Source "ChessBase"]
[SourceDate "2007.11.25"]
[SourceVersion "1"]
[SourceVersionDate "2007.11.25"]
[SourceQuality "1"]

1. e4 c6 2. Nc3 d5 3. Nf3 dxe4 4. Nxe4 Nf6 5. Nxf6+ gxf6 6. Bc4 Bg4 7. Ne5 fxe5 8. Qxg4 e6 9. d3 h6 10. Bd2 Qf6 11. 0-0-0 Nd7 12. Rhf1 Qg7 13. Qh5 0-0-0 14. f4 Bd6 15. f5 exf5 16. Rxf5 f6 17. g3 Kc7 18. Rdf1 Be7 19. Be3 c5 20. Bd5 Nb6 21. Be4 Nd5 22. Bd2 Nb6 23. Qf3 Rb8 24. Rh5 Nd7 25. Qf5 Bf8 26. Qe6 Ra8 27. Ba5+ Kb8 28. Bd8 1-0

[Event "GER-ch U12"]
[Site "Willingen"]
[Date "2006.06.04"]
[Round "3"]
[White "Maier, Florian"]
[Black "Lebek, Ricarda"]
[Result "1/2-1/2"]
[WhiteElo "1404"]
[BlackElo "1577"]
[PlyCount "47"]
[EventDate "2006.06.03"]
[EventType "swiss"]
[EventRounds "11"]
[EventCountry "GER"]
[SourceTitle "EXT 2007"]
[Source "ChessBase"]
[SourceDate "2006.11.23"]
[SourceVersion "1"]
[SourceVersionDate "2006.11.23"]
[SourceQuality "1"]

1. d4 d5 2. Nf3 Nc6 3. e3 Bg4 4. c4 e6 5. Nbd2 Nf6 6. Qb3 Rb8 7. Bd3 Be7 8. 0-0 0-0 9. h3 Bh5 10. a3 Re8 11. Qc3 Bg6 12. b4 Bxd3 13. Qxd3 a6 14. b5 axb5 15. cxb5 Na7 16. Ne5 Nd7 17. f4 f6 18. Nxd7 Qxd7 19. a4 Ra8 20. Ba3 Bxa3 21. Rxa3 Qd6 22. Rc3 c6 23. bxc6 Nxc6 24. Qb5 1/2-1/2

[Event "GER-ch U12"]
[Site "Willingen"]
[Date "2006.06.04"]
[Round "2"]
[White "Pohl, Theresa"]
[Black "Maier, Florian"]
[Result "0-1"]
[WhiteElo "1225"]
[BlackElo "1404"]
[PlyCount "48"]
[EventDate "2006.06.03"]
[EventType "swiss"]
[EventRounds "11"]
[EventCountry "GER"]
[SourceTitle "EXT 2007"]
[Source "ChessBase"]
[SourceDate "2006.11.23"]
[SourceVersion "1"]
[SourceVersionDate "2006.11.23"]
[SourceQuality "1"]

1. d4 d5 2. Nf3 Nf6 3. e3 e6 4. Bd3 Bd6 5. Nbd2 Nbd7 6. 0-0 0-0 7. Re1 c5 8. c3 Re8 9. e4 cxd4 10. cxd4 dxe4 11. Nxe4 Be7 12. Qc2 Qa5 13. Nxf6+ Nxf6 14. Bg5 h6 15. Bxf6 Bxf6 16. Rec1 Bd7 17. Qc7 Qxc7 18. Rxc7 Bc6 19. Ne5 Bxe5 20. dxe5 Red8 21. Rd1 Rd5 22. f4 Rad8 23. Bh7+ Kxh7 24. Rxd5 Rxd5 0-1